000 00595nam a2200181 4500
001 18676
005 20201125173904.0
007 tu
008 170314s1731||||||| ger
245 0 0 _aRector Et Senatus Academiae Regiae Viadrinae
_bL.B.S. : A. MDCCXXXI
264 _aFrankfurt (Oder)
_bSchwartz
_c1731
365 _c
546 _adeutsch
650 0 4 _aUniversität
650 0 4 _aFrankfurt (Oder)
650 0 4 _aVorlesungsverzeichnis
650 0 4 _aGrillo, Hoffmannus, P.E. Jablonski, Siegelius, Gyöngyössi, Trier, Heineccius, Ring, á Bergen, Goelicke, Dithmar, Westerman, Hermann
999 _c78943
_d78943